000 01076nam0a22003011 4500
001 rc\3220576
005 20200910145257.0
021 _aRU
_b71-66588
021 _aRU
_bРг463-73
035 _a(NLR Aleph) 007364376
090 _a6341045
_c6341045
100 _a20130115d1971 |||y0rusy50 ca
101 0 _arus
102 _aRU
105 _ay z |||||
200 1 _aИскусственные минералы
_fОбщества "Знание" КазССР. Научно-методический совет по пропаганде наук о Земле
210 _aАлма-Ата
_cБ. и.
_d1971
215 _a[1], 25 с.
_d20
225 1 _aМатериал в помощь лектору
300 _aПеред загл. авт.: Г.Б. Жилинский, чл.-кор. АН КазССР
320 _aБиблиогр.: с. 25
700 1 _aЖилинский
_bГ. Б.
_f1914-1990
_gГерман Борисович
801 0 _aRU
_bNLR
_gpsbo
801 1 _aRU
_bELAR
_2rusmarc
852 _aNLR
_j72-4/26942
942 _cBOOK
980 _aNB